[Event "46th Greek Team Championship"]
[Site "chess24.com"]
[Date "2018.07.10"]
[Round "1"]
[White "Mavridis, Athanasios"]
[Black "Gioutsos, Vasileios"]
[Result "1-0"]
[Board "10"]
[WhiteElo "1304"]
[WhiteCountry "GRE"]
[WhiteFideId "25840045"]
[WhiteEloChange "11"]
[BlackElo "1339"]
[BlackCountry "GRE"]
[BlackFideId "25832883"]
[BlackEloChange "-11"]

1. Nf3 {[%clk 1:30:54]} Nf6 {[%clk 1:30:51]} 2. c4 {[%clk 1:31:15]} c5 {[%clk
1:30:49]} 3. Nc3 {[%clk 1:30:51]} Nc6 {[%clk 1:30:55]} 4. g3 {[%clk 1:31:16]} g6
{[%clk 1:30:54]} 5. Bg2 {[%clk 1:31:41]} Bg7 {[%clk 1:30:28]} 6. O-O {[%clk
1:32:05]} O-O {[%clk 1:30:15]} 7. d4 {[%clk 1:32:31]} cxd4 {[%clk 1:29:21]} 8.
Nxd4 {[%clk 1:32:54]} Qb6 {[%clk 1:25:21]} 9. Nxc6 {[%clk 1:26:30]} dxc6 {[%clk
1:24:51]} 10. Qb3 {[%clk 1:24:29]} Qc7 {[%clk 1:17:06]} 11. Bf4 {[%clk 1:18:14]}
e5 {[%clk 1:14:21]} 12. Bg5 {[%clk 1:17:27]} Bf5 {[%clk 1:05:27]} 13. Rfd1 {[%clk
1:14:25]} Rad8 {[%clk 0:42:24]} 14. Qa3 {[%clk 1:12:25]} Rxd1+ {[%clk 0:39:56]}
15. Rxd1 {[%clk 1:12:44]} a6 {[%clk 0:37:34]} 16. c5 {[%clk 1:11:59]} Rd8 {[%clk
0:35:36]} 17. Rxd8+ {[%clk 1:10:35]} Qxd8 {[%clk 0:35:18]} 18. Qb3 {[%clk
1:10:39]} Qd7 {[%clk 0:32:10]} 19. Bxf6 {[%clk 1:03:13]} Bxf6 {[%clk 0:32:04]}
20. Be4 {[%clk 0:59:54]} Bh3 {[%clk 0:27:24]} 21. Qd1 {[%clk 1:00:04]} Qxd1+
{[%clk 0:27:05]} 22. Nxd1 {[%clk 1:00:29]} Be7 {[%clk 0:25:50]} 23. b4 {[%clk
1:00:47]} Be6 {[%clk 0:26:07]} 24. a3 {[%clk 0:59:16]} f5 {[%clk 0:26:04]} 25.
Bc2 {[%clk 0:58:39]} Bc4 {[%clk 0:24:38]} 26. Bd3 {[%clk 0:58:56]} Bb3 {[%clk
0:24:54]} 27. Ne3 {[%clk 0:59:19]} Bd8 {[%clk 0:20:07]} 28. Bc4+ {[%clk 0:58:09]}
Bxc4 {[%clk 0:20:29]} 29. Nxc4 {[%clk 0:58:35]} Bc7 {[%clk 0:20:49]} 30. f3
{[%clk 0:57:09]} Kf7 {[%clk 0:20:30]} 31. Kf2 {[%clk 0:57:05]} Ke6 {[%clk
0:17:54]} 32. e4 {[%clk 0:53:39]} h6 {[%clk 0:16:47]} 33. Ke3 {[%clk 0:52:57]}
Bd8 {[%clk 0:15:27]} 34. a4 {[%clk 0:47:05]} Bc7 {[%clk 0:14:00]} 35. a5 {[%clk
0:44:16]} Bb8 {[%clk 0:12:55]} 36. exf5+ {[%clk 0:35:16]} gxf5 {[%clk 0:12:43]}
37. g4 {[%clk 0:35:00]} fxg4 {[%clk 0:11:00]} 38. fxg4 {[%clk 0:35:24]} e4 {[%clk
0:07:52]} 39. h3 {[%clk 0:35:13]} Bg3 {[%clk 0:07:58]} 40. Kxe4 {[%clk 1:04:19]}
Be1 {[%clk 0:38:12]} 41. Nd6 {[%clk 1:04:09]} Bxb4 {[%clk 0:38:01]} 42. Nxb7
{[%clk 1:04:32]} Kd7 {[%clk 0:38:22]} 43. Kd4 {[%clk 1:04:11]} Kc7 {[%clk
0:38:42]} 44. Kc4 {[%clk 1:03:15]} Bd2 {[%clk 0:38:56]} 45. Nd6 {[%clk 1:02:13]}
Bxa5 {[%clk 0:39:12]} 46. Nf7 {[%clk 1:02:08]} Bd2 {[%clk 0:39:22]} 47. h4 {[%clk
1:01:25]} a5 {[%clk 0:38:06]} 48. g5 {[%clk 1:00:49]} hxg5 {[%clk 0:38:28]} 49.
hxg5 {[%clk 1:00:45]} Kd7 {[%clk 0:33:54]} 50. g6 {[%clk 0:57:34]} Ke7 {[%clk
0:33:55]} 51. Nd8 {[%clk 0:49:41]} Kf6 {[%clk 0:33:52]} 52. Nxc6 {[%clk 0:49:48]}
Kxg6 {[%clk 0:33:55]} 53. Ne5+ {[%clk 0:49:30]} Kf6 {[%clk 0:33:38]} 54. c6
{[%clk 0:49:34]} a4 {[%clk 0:33:44]} 55. c7 {[%clk 0:49:38]} a3 {[%clk 0:34:06]}
56. c8Q {[%clk 0:49:58]} 1-0

[Event "46th Greek Team Championship"]
[Site "chess24.com"]
[Date "2018.07.11"]
[Round "2"]
[White "Kalogeris, Ioannis"]
[Black "Kontopanagos, Ioannis"]
[Result "1-0"]
[Board "8"]
[WhiteElo "2339"]
[WhiteCountry "GRE"]
[WhiteFideId "4239563"]
[WhiteEloChange "2"]
[BlackElo "1440"]
[BlackCountry "GRE"]
[BlackFideId "4282213"]
[BlackEloChange "-2"]

1. e4 {[%clk 1:26:19]} c5 {[%clk 1:30:54]} 2. Nf3 {[%clk 1:26:42]} d6 {[%clk
1:31:19]} 3. g3 {[%clk 1:26:44]} Nf6 {[%clk 1:31:06]} 4. Nc3 {[%clk 1:26:57]} e6
{[%clk 1:30:30]} 5. Bg2 {[%clk 1:27:14]} Be7 {[%clk 1:30:25]} 6. O-O {[%clk
1:27:30]} O-O {[%clk 1:30:14]} 7. d4 {[%clk 1:25:14]} cxd4 {[%clk 1:29:58]} 8.
Nxd4 {[%clk 1:25:32]} a6 {[%clk 1:29:50]} 9. a4 {[%clk 1:25:27]} Qc7 {[%clk
1:25:35]} 10. a5 {[%clk 1:24:21]} Bd7 {[%clk 1:23:13]} 11. Be3 {[%clk 1:19:55]}
Bc6 {[%clk 1:16:15]} 12. Qe2 {[%clk 1:17:05]} Nbd7 {[%clk 1:07:08]} 13. f4 {[%clk
1:12:42]} Rfd8 {[%clk 0:51:45]} 14. Nxc6 {[%clk 1:10:05]} bxc6 {[%clk 0:48:04]}
15. Na4 {[%clk 1:09:58]} c5 {[%clk 0:44:05]} 16. Bd2 {[%clk 1:01:44]} Ra7 {[%clk
0:40:29]} 17. Rae1 {[%clk 0:40:22]} Ne8 {[%clk 0:30:29]} 18. Bc3 {[%clk 0:33:38]}
Bf8 {[%clk 0:23:59]} 19. f5 {[%clk 0:33:49]} exf5 {[%clk 0:18:32]} 20. exf5
{[%clk 0:27:49]} Ndf6 {[%clk 0:12:18]} 21. Nb6 {[%clk 0:27:27]} Rb8 {[%clk
0:08:07]} 22. b3 {[%clk 0:25:27]} Qd8 {[%clk 0:07:13]} 23. Bc6 {[%clk 0:20:19]}
Nc7 {[%clk 0:03:35]} 24. Kg2 {[%clk 0:17:54]} Nfe8 {[%clk 0:01:26]} 25. Nd7
{[%clk 0:17:41]} Rc8 {[%clk 0:01:06]} 26. f6 {[%clk 0:17:59]} Ne6 {[%clk
0:01:11]} 27. Nxf8 {[%clk 0:17:58]} Kxf8 {[%clk 0:01:21]} 28. fxg7+ {[%clk
0:18:12]} N8xg7 {[%clk 0:01:12]} 29. Bd5 {[%clk 0:17:55]} Kg8 {[%clk 0:00:42]}
30. Rf6 {[%clk 0:15:06]} Qe8 {[%clk 0:00:31]} 31. Qd3 {[%clk 0:14:42]} Re7 {[%clk
0:00:33]} 32. Rh6 {[%clk 0:14:13]} Nf8 {[%clk 0:00:39]} 33. Rf1 {[%clk 0:13:09]}
Rcc7 {[%clk 0:00:34]} 34. Rxd6 {[%clk 0:13:08]} Re2+ {[%clk 0:00:33]} 35. Kh1
{[%clk 0:13:24]} Rce7 {[%clk 0:00:55]} 36. Rdf6 {[%clk 0:12:56]} R2e3 {[%clk
0:00:39]} 37. Rxf7 {[%clk 0:12:28]} Rxf7 {[%clk 0:00:34]} 38. Rxf7 {[%clk
0:12:26]} 1-0

[Event "46th Greek Team Championship"]
[Site "chess24.com"]
[Date "2018.07.11"]
[Round "2"]
[White "Dimopoulos, Dimitrios"]
[Black "Tsomis, Dimitrios"]
[Result "1-0"]
[Board "4"]
[WhiteElo "1944"]
[WhiteCountry "GRE"]
[WhiteFideId "4213459"]
[WhiteEloChange "10"]
[BlackElo "1938"]
[BlackTitle "FM"]
[BlackCountry "GRE"]
[BlackFideId "4201280"]
[BlackEloChange "-10"]

1. Nf3 {[%clk 1:30:54]} Nf6 {[%clk 1:27:44]} 2. g3 {[%clk 1:31:19]} g6 {[%clk
1:27:43]} 3. Bg2 {[%clk 1:31:44]} Bg7 {[%clk 1:27:57]} 4. O-O {[%clk 1:32:06]}
O-O {[%clk 1:28:06]} 5. d3 {[%clk 1:32:04]} c5 {[%clk 1:25:50]} 6. e4 {[%clk
1:31:47]} d6 {[%clk 1:25:55]} 7. Nbd2 {[%clk 1:31:14]} Nc6 {[%clk 1:25:43]} 8. c3
{[%clk 1:30:29]} Qc7 {[%clk 1:24:19]} 9. Qe2 {[%clk 1:23:48]} a6 {[%clk 1:20:32]}
10. h3 {[%clk 1:16:55]} Rb8 {[%clk 1:17:57]} 11. d4 {[%clk 1:10:37]} e5 {[%clk
1:11:28]} 12. dxe5 {[%clk 1:01:10]} dxe5 {[%clk 1:09:54]} 13. Re1 {[%clk
0:59:53]} b5 {[%clk 1:07:04]} 14. Nf1 {[%clk 0:45:00]} Be6 {[%clk 1:04:37]} 15.
Qc2 {[%clk 0:43:00]} h6 {[%clk 1:02:35]} 16. Ne3 {[%clk 0:37:31]} Rbd8 {[%clk
1:00:32]} 17. Nd2 {[%clk 0:34:55]} c4 {[%clk 0:53:35]} 18. Ndf1 {[%clk 0:33:25]}
Rd7 {[%clk 0:53:30]} 19. Bd2 {[%clk 0:30:58]} Rfd8 {[%clk 0:52:06]} 20. Rad1
{[%clk 0:29:00]} Rd3 {[%clk 0:50:15]} 21. Bc1 {[%clk 0:28:49]} Qd7 {[%clk
0:50:15]} 22. Kh2 {[%clk 0:28:49]} Ne7 {[%clk 0:46:22]} 23. Nd2 {[%clk 0:18:23]}
Qc7 {[%clk 0:44:40]} 24. Bf1 {[%clk 0:17:36]} R3d6 {[%clk 0:40:08]} 25. b3 {[%clk
0:08:27]} cxb3 {[%clk 0:37:12]} 26. axb3 {[%clk 0:08:53]} Rc6 {[%clk 0:35:07]}
27. Bb2 {[%clk 0:08:57]} Nd7 {[%clk 0:31:54]} 28. Qb1 {[%clk 0:05:19]} Nc5 {[%clk
0:31:10]} 29. c4 {[%clk 0:05:07]} bxc4 {[%clk 0:24:21]} 30. bxc4 {[%clk 0:05:03]}
Rb6 {[%clk 0:23:16]} 31. Qc2 {[%clk 0:04:54]} Rdb8 {[%clk 0:13:14]} 32. Bc3
{[%clk 0:04:21]} Nc6 {[%clk 0:12:33]} 33. Nd5 {[%clk 0:02:59]} Bxd5 {[%clk
0:12:44]} 34. cxd5 {[%clk 0:02:30]} Nd4 {[%clk 0:13:00]} 35. Bxd4 {[%clk
0:01:49]} exd4 {[%clk 0:11:20]} 36. Rc1 {[%clk 0:02:21]} Rb2 {[%clk 0:10:00]} 37.
Qxc5 {[%clk 0:02:47]} Qxc5 {[%clk 0:11:24]} 38. Rxc5 {[%clk 0:01:33]} Rxd2 {[%clk
0:11:34]} 39. Kg1 {[%clk 0:31:09]} Rbb2 {[%clk 0:34:32]} 40. d6 {[%clk 0:29:05]}
d3 {[%clk 0:34:49]} 41. d7 {[%clk 0:29:10]} Bf6 {[%clk 0:35:08]} 42. Rc8+ {[%clk
0:29:30]} Kg7 {[%clk 0:35:10]} 43. d8Q {[%clk 0:29:54]} Bxd8 {[%clk 0:35:39]} 44.
Rxd8 {[%clk 0:29:53]} Rxf2 {[%clk 0:32:09]} 45. Rxd3 {[%clk 0:25:20]} Ra2 {[%clk
0:31:02]} 46. Rde3 {[%clk 0:24:40]} a5 {[%clk 0:31:04]} 47. R1e2 {[%clk 0:24:42]}
Rfxe2 {[%clk 0:31:20]} 48. Rxe2 {[%clk 0:24:12]} Ra1 {[%clk 0:31:13]} 49. Kf2
{[%clk 0:20:45]} Kf6 {[%clk 0:30:04]} 50. Rd2 {[%clk 0:19:03]} a4 {[%clk
0:28:56]} 51. Bc4 {[%clk 0:10:24]} a3 {[%clk 0:27:42]} 52. Bd5 {[%clk 0:09:19]}
Rc1 {[%clk 0:26:26]} 53. Ke3 {[%clk 0:08:21]} Ke7 {[%clk 0:22:36]} 54. Kd4 {[%clk
0:06:54]} g5 {[%clk 0:18:33]} 55. Ra2 {[%clk 0:01:41]} Rd1+ {[%clk 0:17:47]} 56.
Ke3 {[%clk 0:01:42]} Rh1 {[%clk 0:16:12]} 57. Rxa3 {[%clk 0:01:54]} Rxh3 {[%clk
0:15:54]} 58. Kf3 {[%clk 0:01:51]} h5 {[%clk 0:14:55]} 59. Kg2 {[%clk 0:01:46]}
g4 {[%clk 0:14:11]} 60. Ra7+ {[%clk 0:01:48]} Kd6 {[%clk 0:14:18]} 61. Rxf7
{[%clk 0:01:39]} h4 {[%clk 0:12:39]} 62. gxh4 {[%clk 0:01:52]} Rxh4 {[%clk
0:11:38]} 63. Kg3 {[%clk 0:02:15]} Rh1 {[%clk 0:11:36]} 64. Kxg4 {[%clk 0:02:36]}
Rg1+ {[%clk 0:11:19]} 65. Kf5 {[%clk 0:02:54]} Rf1+ {[%clk 0:11:30]} 66. Kg6
{[%clk 0:03:04]} Rg1+ {[%clk 0:11:44]} 67. Kf6 {[%clk 0:03:30]} Rf1+ {[%clk
0:11:52]} 68. Kg7 {[%clk 0:03:47]} Rg1+ {[%clk 0:11:33]} 69. Kf8 {[%clk 0:04:04]}
Rh1 {[%clk 0:11:11]} 70. Rf6+ {[%clk 0:04:03]} Kd7 {[%clk 0:11:27]} 71. Kf7
{[%clk 0:03:36]} Rh7+ {[%clk 0:11:22]} 72. Kg6 {[%clk 0:04:00]} Rh2 {[%clk
0:11:33]} 73. Kg5 {[%clk 0:03:53]} Rg2+ {[%clk 0:11:35]} 74. Kf5 {[%clk 0:04:17]}
Rh2 {[%clk 0:11:40]} 75. Ke5 {[%clk 0:04:39]} Rh5+ {[%clk 0:11:34]} 76. Rf5
{[%clk 0:04:51]} Rh2 {[%clk 0:11:47]} 77. Rf7+ {[%clk 0:05:08]} Ke8 {[%clk
0:12:05]} 78. Ke6 {[%clk 0:04:43]} Rh6+ {[%clk 0:11:31]} 79. Rf6 {[%clk 0:05:01]}
Rh8 {[%clk 0:11:26]} 80. e5 {[%clk 0:04:47]} Kd8 {[%clk 0:11:35]} 81. Kd6 {[%clk
0:05:00]} Kc8 {[%clk 0:11:37]} 82. Rg6 {[%clk 0:02:56]} Rd8+ {[%clk 0:11:40]} 83.
Kc6 {[%clk 0:02:52]} Kb8 {[%clk 0:11:44]} 84. Rg8 {[%clk 0:02:41]} 1-0

[Event "46th Greek Team Championship"]
[Site "chess24.com"]
[Date "2018.07.11"]
[Round "2"]
[White "Magklaras, Panagiotis"]
[Black "Trapalis, Theodoros"]
[Result "0-1"]
[Board "10"]
[WhiteElo "1131"]
[WhiteCountry "GRE"]
[WhiteFideId "25834789"]
[WhiteEloChange "-4"]
[BlackElo "1386"]
[BlackCountry "GRE"]
[BlackFideId "25854690"]
[BlackEloChange "4"]

1. e4 {[%clk 1:30:56]} e6 {[%clk 1:27:39]} 2. d4 {[%clk 1:31:17]} d5 {[%clk
1:28:04]} 3. Nc3 {[%clk 1:31:41]} Nf6 {[%clk 1:28:27]} 4. Bg5 {[%clk 1:31:50]}
Be7 {[%clk 1:28:50]} 5. e5 {[%clk 1:32:02]} Nfd7 {[%clk 1:29:11]} 6. h4 {[%clk
1:31:46]} h6 {[%clk 1:27:27]} 7. Bxe7 {[%clk 1:28:36]} Qxe7 {[%clk 1:26:51]} 8.
Qg4 {[%clk 1:22:26]} O-O {[%clk 1:25:18]} 9. a3 {[%clk 1:17:41]} f6 {[%clk
1:17:16]} 10. f4 {[%clk 1:15:01]} a6 {[%clk 1:11:36]} 11. Bd3 {[%clk 1:09:17]} c5
{[%clk 1:05:54]} 12. Qg6 {[%clk 1:09:10]} f5 {[%clk 1:06:05]} 13. Nf3 {[%clk
1:09:24]} Qf7 {[%clk 0:53:09]} 14. Qg3 {[%clk 1:03:29]} Nc6 {[%clk 0:49:30]} 15.
Qf2 {[%clk 0:56:35]} c4 {[%clk 0:41:58]} 16. Be2 {[%clk 0:55:45]} b5 {[%clk
0:40:14]} 17. b3 {[%clk 0:53:14]} Bb7 {[%clk 0:36:00]} 18. O-O {[%clk 0:45:31]}
Rac8 {[%clk 0:31:49]} 19. Rfc1 {[%clk 0:41:42]} Ne7 {[%clk 0:25:03]} 20. b4
{[%clk 0:33:15]} Nc6 {[%clk 0:20:53]} 21. a4 {[%clk 0:28:54]} bxa4 {[%clk
0:15:23]} 22. b5 {[%clk 0:29:11]} Na7 {[%clk 0:13:44]} 23. bxa6 {[%clk 0:28:23]}
Bxa6 {[%clk 0:13:59]} 24. Rxa4 {[%clk 0:28:46]} Rc6 {[%clk 0:14:11]} 25. Rca1
{[%clk 0:28:03]} Nb8 {[%clk 0:12:41]} 26. Nd1 {[%clk 0:21:34]} Nb5 {[%clk
0:10:11]} 27. c3 {[%clk 0:20:15]} Rfc8 {[%clk 0:08:27]} 28. Rb4 {[%clk 0:17:56]}
Rb6 {[%clk 0:06:55]} 29. Nb2 {[%clk 0:16:29]} Rb7 {[%clk 0:06:14]} 30. Qe1 {[%clk
0:15:26]} Qe7 {[%clk 0:05:28]} 31. Kh1 {[%clk 0:12:23]} Rc6 {[%clk 0:04:21]} 32.
Bd1 {[%clk 0:10:16]} Qd8 {[%clk 0:02:36]} 33. Ba4 {[%clk 0:08:08]} Rcb6 {[%clk
0:02:04]} 34. Bxb5 {[%clk 0:06:03]} Rxb5 {[%clk 0:02:09]} 35. Rxb5 {[%clk
0:05:18]} Rxb5 {[%clk 0:02:15]} 36. Na4 {[%clk 0:04:55]} Nd7 {[%clk 0:01:20]} 37.
Qc1 {[%clk 0:04:17]} Ra5 {[%clk 0:00:35]} 38. Nb2 {[%clk 0:02:48]} Bb5 {[%clk
0:00:36]} 39. Rxa5 {[%clk 0:02:08]} Qxa5 {[%clk 0:01:02]} 40. Nd1 {[%clk
0:31:32]} Nb6 {[%clk 0:30:35]} 41. Qb2 {[%clk 0:27:39]} Ba4 {[%clk 0:21:02]} 42.
Qa3 {[%clk 0:23:44]} Qb5 {[%clk 0:19:27]} 43. Nb2 {[%clk 0:23:25]} Qb3 {[%clk
0:18:29]} 44. Qxb3 {[%clk 0:22:13]} Bxb3 {[%clk 0:17:50]} 45. Kh2 {[%clk
0:16:38]} Na8 {[%clk 0:12:16]} 46. Ng1 {[%clk 0:06:44]} Nc7 {[%clk 0:09:53]} 47.
Ne2 {[%clk 0:07:05]} Nb5 {[%clk 0:08:35]} 48. Kg1 {[%clk 0:07:00]} Bc2 {[%clk
0:06:38]} 49. Kf2 {[%clk 0:06:53]} Kf7 {[%clk 0:06:07]} 50. h5 {[%clk 0:06:41]}
g6 {[%clk 0:04:24]} 51. hxg6+ {[%clk 0:06:34]} Kxg6 {[%clk 0:04:49]} 52. Kf3
{[%clk 0:05:35]} Kh5 {[%clk 0:02:57]} 53. g3 {[%clk 0:03:49]} Na3 {[%clk
0:02:28]} 54. Nc1 {[%clk 0:02:52]} Nb1 {[%clk 0:02:07]} 55. Ne2 {[%clk 0:02:46]}
Nd2+ {[%clk 0:01:42]} 56. Ke3 {[%clk 0:03:02]} Ne4 {[%clk 0:00:47]} 57. Kf3
{[%clk 0:03:08]} Nd2+ {[%clk 0:00:45]} 58. Ke3 {[%clk 0:03:34]} Nb1 {[%clk
0:00:43]} 59. Kf3 {[%clk 0:03:57]} Be4+ {[%clk 0:00:36]} 60. Ke3 {[%clk 0:03:44]}
Kg4 {[%clk 0:00:44]} 61. Kf2 {[%clk 0:03:03]} Bf3 {[%clk 0:00:35]} 62. Ng1 {[%clk
0:03:23]} Be4 {[%clk 0:00:28]} 63. Ne2 {[%clk 0:03:47]} h5 {[%clk 0:00:34]} 64.
Nd1 {[%clk 0:03:29]} Kh3 {[%clk 0:00:34]} 65. Ng1+ {[%clk 0:02:43]} Kh2 {[%clk
0:00:48]} 66. Ne2 {[%clk 0:01:52]} Nd2 {[%clk 0:00:37]} 67. Ne3 {[%clk 0:01:23]}
Bd3 {[%clk 0:00:34]} 68. Nc1 {[%clk 0:00:52]} Ne4+ {[%clk 0:00:35]} 69. Kf3
{[%clk 0:01:00]} Nxg3 {[%clk 0:00:35]} 70. Nxd3 {[%clk 0:01:07]} cxd3 {[%clk
0:01:04]} 71. c4 {[%clk 0:01:10]} Ne2 {[%clk 0:00:54]} 72. cxd5 {[%clk 0:01:05]}
Nxd4+ {[%clk 0:00:58]} 73. Kf2 {[%clk 0:01:15]} exd5 {[%clk 0:00:41]} 74. Nxd5
{[%clk 0:01:30]} d2 {[%clk 0:00:37]} 75. Ne3 {[%clk 0:01:46]} h4 {[%clk 0:00:35]}
76. Nf1+ {[%clk 0:02:07]} Kh3 {[%clk 0:00:43]} 77. Nxd2 {[%clk 0:02:33]} Kg4
{[%clk 0:00:53]} 78. Nf3 {[%clk 0:02:19]} Nxf3 {[%clk 0:00:41]} 79. e6 {[%clk
0:02:45]} Nd2 {[%clk 0:01:07]} 80. e7 {[%clk 0:02:37]} Ne4+ {[%clk 0:01:34]} 81.
Kg2 {[%clk 0:03:01]} Nf6 {[%clk 0:01:49]} 82. Kh2 {[%clk 0:03:26]} Kxf4 {[%clk
0:02:10]} 83. Kh3 {[%clk 0:03:50]} Kg5 {[%clk 0:02:28]} 84. Kg2 {[%clk 0:04:11]}
f4 {[%clk 0:02:39]} 85. Kh3 {[%clk 0:04:29]} f3 {[%clk 0:02:43]} 86. Kh2 {[%clk
0:04:56]} Kg4 {[%clk 0:02:56]} 87. Kg1 {[%clk 0:05:07]} h3 {[%clk 0:03:09]} 88.
Kh2 {[%clk 0:04:49]} f2 {[%clk 0:03:29]} 89. e8Q {[%clk 0:05:13]} Nxe8 {[%clk
0:03:49]} 90. Kh1 {[%clk 0:05:41]} f1Q+ {[%clk 0:04:10]} 91. Kh2 {[%clk 0:06:06]}
Qg2# {[%clk 0:04:34]} 0-1

[Event "46th Greek Team Championship"]
[Site "chess24.com"]
[Date "2018.07.11"]
[Round "2"]
[White "Argiroudis, Stamatis"]
[Black "Kourousis, Epaminondas"]
[Result "1/2-1/2"]
[Board "2"]
[WhiteElo "2306"]
[WhiteCountry "GRE"]
[WhiteFideId "4202210"]
[WhiteEloChange "3"]
[BlackElo "2399"]
[BlackTitle "IM"]
[BlackCountry "CZE"]
[BlackFideId "4211626"]
[BlackEloChange "-3"]

1. d4 {[%clk 1:30:48]} Nf6 {[%clk 1:30:40]} 2. Nf3 {[%clk 1:30:10]} e6 {[%clk
1:30:48]} 3. g3 {[%clk 1:29:35]} b6 {[%clk 1:30:14]} 4. Bg2 {[%clk 1:29:45]} Bb7
{[%clk 1:30:37]} 5. O-O {[%clk 1:30:01]} g6 {[%clk 1:30:42]} 6. Bg5 {[%clk
1:25:03]} Bg7 {[%clk 1:30:04]} 7. Nbd2 {[%clk 1:25:00]} h6 {[%clk 1:23:38]} 8.
Bxf6 {[%clk 1:25:19]} Qxf6 {[%clk 1:23:23]} 9. c3 {[%clk 1:22:28]} O-O {[%clk
1:20:25]} 10. a4 {[%clk 1:17:52]} a6 {[%clk 1:15:20]} 11. Ne5 {[%clk 1:10:11]}
Bxg2 {[%clk 1:14:58]} 12. Kxg2 {[%clk 1:10:37]} d6 {[%clk 1:14:46]} 13. Nd3
{[%clk 1:10:51]} Qe7 {[%clk 1:05:02]} 14. Qb3 {[%clk 1:06:20]} Nc6 {[%clk
1:01:23]} 15. e4 {[%clk 1:01:15]} Na5 {[%clk 0:57:40]} 16. Qb4 {[%clk 0:55:46]}
Rab8 {[%clk 0:50:56]} 17. Nf3 {[%clk 0:35:07]} c5 {[%clk 0:50:16]} 18. dxc5
{[%clk 0:33:36]} dxc5 {[%clk 0:50:15]} 19. Qa3 {[%clk 0:34:02]} Rfd8 {[%clk
0:46:54]} 20. Nf4 {[%clk 0:29:51]} Qb7 {[%clk 0:45:47]} 21. Rfe1 {[%clk 0:25:34]}
Rd7 {[%clk 0:44:00]} 22. h4 {[%clk 0:19:22]} Rbd8 {[%clk 0:43:16]} 23. b4 {[%clk
0:09:37]} cxb4 {[%clk 0:40:07]} 24. Qxb4 {[%clk 0:06:23]} Rc8 {[%clk 0:37:18]}
25. Rac1 {[%clk 0:07:17]} Rc4 {[%clk 0:36:04]} 26. Qb1 {[%clk 0:07:16]} Rxa4
{[%clk 0:26:51]} 27. Red1 {[%clk 0:05:24]} b5 {[%clk 0:25:54]} 28. Rxd7 {[%clk
0:05:26]} Qxd7 {[%clk 0:26:22]} 29. Rd1 {[%clk 0:05:40]} Qc7 {[%clk 0:26:39]} 30.
Qd3 Nc6 {[%clk 0:20:07]} 31. e5 Nxe5 {[%clk 0:20:07]} 32. Nxe5 {[%clk 0:03:41]}
Qxe5 {[%clk 0:18:11]} 33. Qd8+ {[%clk 0:03:01]} Bf8 {[%clk 0:16:45]} 34. Qe8
{[%clk 0:01:58]} Ra2 {[%clk 0:12:45]} 35. Nh3 {[%clk 0:01:42]} Qxc3 {[%clk
0:02:27]} 36. Rd8 {[%clk 0:01:49]} Qg7 {[%clk 0:02:38]} 37. Nf4 {[%clk 0:01:55]}
b4 {[%clk 0:02:23]} 38. Rb8 {[%clk 0:01:06]} Ra5 {[%clk 0:00:33]} 39. Rb7 {[%clk
0:00:43]} Qf6 {[%clk 0:00:33]} 40. Rb8 {[%clk 0:30:46]} Qg7 {[%clk 0:30:51]} 41.
Rb7 {[%clk 0:26:37]} Rb5 {[%clk 0:24:10]} 42. Rd7 {[%clk 0:19:43]} Re5 {[%clk
0:13:59]} 43. Rb7 {[%clk 0:17:07]} a5 {[%clk 0:12:06]} 44. Rb8 {[%clk 0:16:53]}
Rf5 {[%clk 0:11:14]} 45. Nd3 {[%clk 0:13:30]} g5 {[%clk 0:06:17]} 46. h5 {[%clk
0:12:35]} Rd5 {[%clk 0:05:05]} 47. Nb2 {[%clk 0:12:19]} g4 {[%clk 0:02:11]} 48.
Nc4 {[%clk 0:12:01]} Rxh5 {[%clk 0:02:07]} 49. Nb6 {[%clk 0:10:23]} Rd5 {[%clk
0:00:35]} 50. Nxd5 {[%clk 0:08:53]} exd5 {[%clk 0:01:04]} 51. Qd8 {[%clk
0:08:31]} d4 {[%clk 0:00:38]} 52. Qd7 {[%clk 0:04:58]} h5 {[%clk 0:00:31]} 53.
Qb5 {[%clk 0:04:21]} Qh6 {[%clk 0:00:32]} 54. Rb6 {[%clk 0:03:48]} Qg7 {[%clk
0:00:23]} 55. Qxa5 {[%clk 0:02:42]} h4 {[%clk 0:00:31]} 56. gxh4 {[%clk 0:02:50]}
g3 {[%clk 0:00:35]} 57. fxg3 {[%clk 0:02:59]} Qg4 {[%clk 0:01:04]} 58. Qg5+
{[%clk 0:02:30]} Qxg5 {[%clk 0:01:33]} 59. hxg5 {[%clk 0:02:54]} Kg7 {[%clk
0:01:01]} 60. Kf3 {[%clk 0:03:06]} Be7 {[%clk 0:00:47]} 61. Ke4 {[%clk 0:02:54]}
Bxg5 {[%clk 0:01:11]} 62. Rxb4 {[%clk 0:03:11]} Be3 {[%clk 0:00:46]} 63. Rb6
{[%clk 0:02:10]} Kh7 {[%clk 0:00:41]} 64. Rd6 {[%clk 0:02:32]} Kg7 {[%clk
0:01:00]} 65. Kf5 {[%clk 0:02:47]} Kh7 {[%clk 0:00:31]} 66. g4 {[%clk 0:03:01]}
Bh6 {[%clk 0:00:33]} 67. Rxd4 {[%clk 0:03:23]} Bg7 {[%clk 0:00:56]} 68. Rd7
{[%clk 0:03:28]} Kg8 {[%clk 0:01:21]} 69. g5 {[%clk 0:03:06]} Bb2 {[%clk
0:01:25]} 70. Rb7 {[%clk 0:02:31]} Bc3 {[%clk 0:01:48]} 71. Rb8+ {[%clk 0:01:20]}
Kg7 {[%clk 0:02:11]} 72. Rc8 {[%clk 0:01:40]} Bb2 {[%clk 0:02:39]} 1/2-1/2